| 000 | 00384 a2200157 4500 | ||
|---|---|---|---|
| 001 | 74825 | ||
| 020 | _a978859571524-9 | ||
| 040 | _cAnchieta - Colégio São Paulo | ||
| 100 | _aNigro, Rogério Gonçalves | ||
| 240 | 1 | 0 |
_aPelos caminhos do sangue _lpor |
| 245 | 1 | 0 | _aPelos caminhos do sangue |
| 300 | _a63 | ||
| 362 | 0 | _a2010 | |
| 650 | 4 | _aCiência da vida - Biologia | |
| 942 | _cBK | ||
| 999 |
_c74825 _d74825 |
||